Palestine: Statements of the Supreme Leader of the Islamic Revolution in Iran (Record no. 23689)

MARC details
000 -LEADER
fixed length control field 00397nam a22001337a 4500
082 ## - DEWEY DECIMAL CLASSIFICATION NUMBER
Classification number 327.569
Author Cutter AYA
100 ## - MAIN ENTRY--AUTHOR NAME
Author name Ayatullah al-Uzma Sayyid Ali Khamenei
245 ## - TITLE STATEMENT
Title Palestine: Statements of the Supreme Leader of the Islamic Revolution in Iran
260 ## - PUBLICATION, DISTRIBUTION, ETC. (IMPRINT)
Place of publication New Delhi
Name of publisher Welayat Publication
Year of publication 2018
300 ## - PHYSICAL DESCRIPTION
Number of Pages 511
650 ## - SUBJECT ADDED ENTRY--TOPICAL TERM
Topical Term International relations of Palestine
942 ## - ADDED ENTRY ELEMENTS (KOHA)
Koha item type Books

No items available.

                   Copyright © 2026 | Henry Martyn Institute | Hyderabad | TS-500052 | INDIA | Implemented by hmi.edu.in
Hit-Count:

Powered by Koha